000 00705nam a22001935i 4500
001 169899
003 ES-MaACL
005 20230906214231.0
008 081217s1993 xxk |||| | eng d
100 1 _aMeyerbeer, Giacomo.
_980809
245 1 0 _aDinorah
_b: opéra comique in 3 acts /
_cby Giacomo Meyerbeer ; libretto by Jules Barbier, Michel Carré and Giacomo Meyerbeer.
260 _a[Londres :
_bOpera rara,
_c1993?]
300 _a39 p. ;
_c20 cm.
500 _aTexto en inglés y francés.
650 1 4 _aÓperas-
_vLibretos.
_9137584
700 1 _aBarbier, Jules.
_925457
700 1 _aCarré, Michel.
_9138040
852 _aES-MaACL
_j2245-F-2
_9R.140911
_z.- Biblioteca Jacinto Martínez Lacalle
999 _c169899
_d169899